Posledná bodka za spoločným štátom

Bibliographic Details
Main Author: Jancura, Vladimír, 1948- (Author)
Format: Article
Language:Slovak
Subjects:

MARC

LEADER 00000nab a2200000 a 4500
001 vtls000724229
003 SK-MaSNL
005 20260305035734.0
008 160324c2000 xo 0 slo
015 |a SNBRB2000/06-16095 
035 |a CLN000076393 
040 |a SNKBUCL  |b slo  |c SNKBUCL  |e AACR2 
041 0 |a slo 
044 |a xo  |c SK 
080 |a 330.52(437)  |2 1997 
100 1 |a Jancura, Vladimír,  |d 1948-  |4 aut  |9 264957 
245 1 0 |a Posledná bodka za spoločným štátom  |c Vladimír Jancura 
650 0 7 |a majetok ČSFR  |x delenie  |2 snkbucl  |9 891531 
651 7 |a Československo  |x majetok federácie  |x delenie  |2 snkbucl  |9 846903 
655 7 |a články z novín a časopisov  |2 snkbucl  |9 267496 
773 0 |x 1335-4051  |t Pravda  |g Roč. 10, č. 117 (23.5.2000), s. 5 
850 |a Slovenská národná knižnica v Martine 
852 |a SNK  |b KIS3GCP 
958 |a SK 
958 |a CZ 
958 |a RBX 
999 |c 3335239  |d 3337169